Contratação direta sem licitação : (Record no. 793)

MARC details
000 -LÍDER
Campo Fixo de Controle 01149nam a2200289 a 4500
001 - NÚMERO DE CONTROLE
Campo de Controle 793
003 - IDENTIFICAÇÃO DO NÚMERO DE CONTROLE
Campo de Controle BR-CuiBMT
005 - DATA E HORA DA ÚLTIMA ATUALIZAÇÃO
Campo de Controle 20231129163801.0
008 - DADOS FIXOS
Dados Fixos 231109s2012 mgb 001 0 por d
020 ## - INTERNATIONAL STANDARD BOOK NUMBER
Nº do ISBN 9788577004263
040 ## - AGÊNCIA CATALOGADORA
Código da Agência Catalogadora BR-CuiBMT
Agência que transcreveu o registro BR-CuiBMT
080 ## - Nº DA CLASSIFICAÇÃO DECIMAL UNIVERSAL
Nº Class. CDU 351.712.2.02
Nº edição CDU 2007
090 ## - NÚMERO DE CHAMADA
Nº classificação 351.712.2.02
Cutter F363c
Ano/Edição 9. ed.
100 1# - ENTRADA PRINCIPAL -- AUTOR PESSOAL
Nome pessoal Fernandes, Jorge Ulisses Jacoby,
Datas associadas ao nome 1960-
245 10 - TÍTULO PRINCIPAL
Título principal Contratação direta sem licitação :
Subtítulo dispensa, inexigibilidade de licitação, comentários às modalidadesde licitação, inclusive o pregão, procedimentos exigidos para a regularidade da contratação direta /
Indicação de responsabilidade J. U. Jacoby Fernandes.
250 ## - EDIÇÃO
Edição 9. ed., rev., atual. e ampl.
260 ## - PUBLICAÇÃO, DISTRIBUIÇÃO, ETC.
Local de publicação Belo Horizonte :
Editora Fórum,
Data 2012.
300 ## - DESCRIÇÃO FÍSICA
N. páginas ou volumes 794 p. ;
Dimensões 25 cm
490 1# - INDICAÇÃO DE SÉRIE
Título da série Coleção Jacoby de direito público ;
Volume/designação sequencial da série v. 6
504 ## - NOTA DE BIBLIOGRAFIA, ETC.
Nota de bibliografia Inclui bibliografia e índice.
590 ## - NOTA LOCAL
Nota local A Biblioteca possui a 1. reimpr. 2012.
650 ## - ASSUNTO TÓPICO
Cabeçalho tópico ou nome geográfico Licitação pública
Subdivisão geográfica Brasil
650 ## - ASSUNTO TÓPICO
Cabeçalho tópico ou nome geográfico Contratos administrativos
Subdivisão geográfica Brasil
650 ## - ASSUNTO TÓPICO
Cabeçalho tópico ou nome geográfico Compras (Serviço público)
Subdivisão geográfica Brasil
830 #0 - ENTRADA SECUNDÁRIA DE SÉRIE -- TÍTULO UNIFORME
Título uniforme Coleção Jacoby de direito público ;
Nº do volume/designação sequencial da série 6
942 ## - ELEMENTOS DE ENTRADA ADICIONAIS (KOHA)
Fonte de classificação ou esquema de arquivamento Classificação Decimal Universal
Tipo de item do Koha Livros
Holdings
Estado: removido Estado: perdido Fonte de classificação ou esquema de arquivamento Estado: danificado Indisponível para empréstimo Localização permanente Localização atual Data de aquisição Total Checkouts Número de Chamada completo Código de barras Date last seen Número do exemplar Preço efetivo a partir de Tipo de item (Koha) Nota pública
    Classificação Decimal Universal     Biblioteca da Escola Superior de Contas do TCE/MT Biblioteca da Escola Superior de Contas do TCE/MT 21/04/2013   351.712.2.02 F363c 9. ed. BIBTCEMT23110723 17/11/2023 Ex. 1 17/11/2023 Livros 1. reimpr. 2012

Powered by Koha